| 000 | 00533nam a2200193Ia 4500 | ||
|---|---|---|---|
| 003 | OSt | ||
| 005 | 20260404103006.0 | ||
| 008 | 210210b1965 xxu||||| |||| 00| 0 eng d | ||
| 040 | _cAL | ||
| 041 | _aHindi | ||
| 082 | _aH891.1 VIMY | ||
| 100 |
_aVIMAL (Kumar). _dविमल (कुमार) _9260152 |
||
| 245 |
_aYe abhang anubhav amrat. _bये अभंग अनुभव अमृत |
||
| 260 |
_aPatna _bAnupam Prakashana _c1965 |
||
| 300 | _a63 | ||
| 690 |
_aHindi Poetry _9260153 |
||
| 906 | _a032220 | ||
| 942 |
_2ddc _cBK |
||
| 999 |
_c83101 _d83101 |
||